India in south asia : (Record no. 14071)

000 -LEADER
fixed length control field 02308nam a2200301 a 4500
001 - CONTROL NUMBER
control field ASIN0415625300
005 - DATE AND TIME OF LATEST TRANSACTION
control field 20170105102846.0
008 - FIXED-LENGTH DATA ELEMENTS--GENERAL INFORMATION
fixed length control field 130816s2013 xxu eng d
020 ## - INTERNATIONAL STANDARD BOOK NUMBER
International Standard Book Number 0415625300 (hardcover)
Terms of availability $145.00
020 ## - INTERNATIONAL STANDARD BOOK NUMBER
International Standard Book Number 9780415625302 (hardcover)
040 ## - CATALOGING SOURCE
Original cataloging agency 0
050 04 - LIBRARY OF CONGRESS CALL NUMBER
Classification number HN690.Z9
082 04 - DEWEY DECIMAL CLASSIFICATION NUMBER
Classification number 305.800954
100 1# - MAIN ENTRY--PERSONAL NAME
Personal name Singh, Sinderpal.
245 10 - TITLE STATEMENT
Title India in south asia :
Remainder of title domestic identity politics and foreign policy from nehru to the bjp /
Statement of responsibility, etc. Sinderpal Singh.
260 ## - PUBLICATION, DISTRIBUTION, ETC.
Place of publication, distribution, etc. [S.l.] :
Name of publisher, distributor, etc. Routledge,
Date of publication, distribution, etc. 2013.
300 ## - PHYSICAL DESCRIPTION
Extent 176 p. ;
Dimensions 24 cm.
490 1# - SERIES STATEMENT
Series statement Routledge advances in international relations and global politics.
520 ## - SUMMARY, ETC.
Summary, etc. South Asia is one of the most volatile regions of the world, and India’s complex democratic political system impinges on its relations with its South Asian neighbours. Focusing on this relationship, this book explores the extent to which domestic politics affect a country’s foreign policy. The book argues that particular continuities and disjunctures in Indian foreign policy are linked to the way in which Indian elites articulated Indian identity in response to the needs of domestic politics. The manner in which these state elites conceive India’s region and regional role depends on their need to stay in tune with domestic identity politics. Such exigencies have important implications for Indian foreign policy in South Asia. Analysing India’s foreign policy through the lens of competing domestic visions at three different historical eras in India’s independent history, the book provides a framework for studying India’s developing nationhood on the basis of these idea(s) of ‘India’. This approach allows for a deeper and a more nuanced interpretation of the motives for India’s foreign policy choices than the traditional realist or neo-liberal framework, and provides a useful contribution to South Asian Studies, Politics and International Studies.
650 #0 - SUBJECT ADDED ENTRY--TOPICAL TERM
Topical term or geographic name entry element Elite (Social sciences)
650 #0 - SUBJECT ADDED ENTRY--TOPICAL TERM
Topical term or geographic name entry element Group identity
650 #0 - SUBJECT ADDED ENTRY--TOPICAL TERM
Topical term or geographic name entry element India
650 #0 - SUBJECT ADDED ENTRY--TOPICAL TERM
Topical term or geographic name entry element International relations
650 #0 - SUBJECT ADDED ENTRY--TOPICAL TERM
Topical term or geographic name entry element Political science
830 #0 - SERIES ADDED ENTRY--UNIFORM TITLE
Uniform title Routledge advances in international relations and global politics.
856 40 - ELECTRONIC LOCATION AND ACCESS
Materials specified Amazon.com
Uniform Resource Identifier <a href="http://www.amazon.com/exec/obidos/ASIN/0415625300/chopaconline-20">http://www.amazon.com/exec/obidos/ASIN/0415625300/chopaconline-20</a>
942 ## - ADDED ENTRY ELEMENTS (KOHA)
Source of classification or shelving scheme
Koha item type Book
Holdings
Withdrawn status Lost status Damaged status Not for loan Collection code Permanent Location Current Location Shelving location Date acquired Total Checkouts Full call number Barcode Date last seen Price effective from Koha item type
          Centre for International Peace & Stability (CIPS) Centre for International Peace & Stability (CIPS) General Stacks 08/16/2013   305.800954 SIN 2013 CIPS0000327 08/16/2013 08/16/2013 Book
© 2023 Central Library, National University of Sciences and Technology. All Rights Reserved.